| 000 | 00650 a2200241 4500 | ||
|---|---|---|---|
| 260 | _aParis | ||
| 630 | _a65 - Gestion et organisation de lindustrie, du commerce, de la communication et des transports | ||
| 037 | _b1, Achat | ||
| 650 | _a6 - SCIENCES APPLIQUEES | ||
| 100 | _aAbécassis, S. | ||
| 260 | _bAENGDE | ||
| 245 | _aExercices et corrigés de comptabilité générale. 2, corrigés | ||
| 300 | _a314 p. | ||
| 650 | _aComptabilité générale : exercices corrigés | ||
| 260 | _c1988 | ||
| 300 | _b24 cm | ||
| 100 | _lFr | ||
| 037 | _aDE 8538 | ||
| 250 | _a3e éd. | ||
| 020 | _a2-90363-054-2 | ||
| 999 |
_c33869 _d33869 |
||